000
00288nam a2200109Ia 4500
100
_a
Keith/ Steven brain
942
_c
BK
654
_a
artificial
245
_a
Artificial intelligence on the Sinclair QL:Make your micro think
260
_b
Sunshine Books
_a
London
_c
1984
546
_a
ENGLISH
999
_c
29743
_d
29743